000
00305nam a22001337a 4500
008
180903b xxu||||| |||| 00| 0 eng d
020
_a
9780136108825
041
_a
eng
080
_2
8 ed
_a
574
100
_a
9
101
_a
MJE
245
_a
Soils In Our Environment
_c
MiLLER.R,W
942
_2
udc
_c
BK
999
_c
47451
_d
47451